书目信息 |
| 题名: |
压力容器实用技术丛书-压力容器腐蚀与控制
|
|
| 作者: | 任凌波 , 任晓蕾 编著 | |
| 分册: | ||
| 出版信息: | 北京 化学工业出版社 2003.08 |
|
| 页数: | 605页 | |
| 开本: | 26cm | |
| 丛书名: | 压力容器实用技术丛书 | |
| 单 册: | ||
| 中图分类: | TH49 | |
| 科图分类: | ||
| 主题词: | 压力容器 | |
| 电子资源: | ||
| ISBN: | 7-5025-4469-0 | |
| 000 | 00752nam0 2200229 45 | |
| 001 | 0431491663 | |
| 005 | 2004042808445131 | |
| 010 | @a7-5025-4469-0@dCNY 80.00 | |
| 100 | @a20040428d2003 km y0chiy0120 ea | |
| 101 | 0 | @achi |
| 102 | @aCN@b110000 | |
| 200 | 1 | @a压力容器实用技术丛书-压力容器腐蚀与控制@AYa Li Rong Qi Shi Yong Ji Shu Cong Shu-Ya Li Rong Qi Fu Shi Yu Kong Zhi@f任凌波,任晓蕾编著@Fren ling bo,ren xiao lei bian zhu |
| 210 | @a北京@c化学工业出版社@d2003.08 | |
| 215 | @a605页@d26cm | |
| 225 | 2 | @a压力容器实用技术丛书 |
| 410 | 0 | @12001 @a压力容器实用技术丛书 |
| 606 | 0 | @a压力容器 |
| 690 | @aTH49@v3 | |
| 701 | 0 | @a任凌波@Aren ling bo@4编著 |
| 701 | 0 | @a任晓蕾@Aren xiao lei@4编著 |
| 801 | 0 | @aCN@bPFT@c20040428 |
| 905 | @dTH49@eR500 | |
| 压力容器实用技术丛书-压力容器腐蚀与控制/任凌波,任晓蕾编著.-北京:化学工业出版社,2003.08 |
| 605页;26cm.-(压力容器实用技术丛书) |
| ISBN 7-5025-4469-0:CNY 80.00 |
| ● |
| 相关链接 |
|
|
|
正题名:压力容器实用技术丛书-压力容器腐蚀与控制
索取号:TH49/R500
 
预约/预借
| 序号 | 登录号 | 条形码 | 馆藏地/架位号 | 状态 | 备注 |
| 1 | 391001 | 203910018 | 自科库501/501自科库 135排3列1层/ [索取号:TH49/R500] | 在馆 |